<?xml version="1.0" encoding="UTF-8"?>
<record
    xmlns:xsi="http://www.w3.org/2001/XMLSchema-instance"
    xsi:schemaLocation="http://www.loc.gov/MARC21/slim http://www.loc.gov/standards/marcxml/schema/MARC21slim.xsd"
    xmlns="http://www.loc.gov/MARC21/slim">

  <leader>00569nam a22002177a 4500</leader>
  <controlfield tag="001">BD-DhSAU 2761</controlfield>
  <controlfield tag="003">BD-DhSAU</controlfield>
  <controlfield tag="005">20150202132139.0</controlfield>
  <controlfield tag="008">150202b1988    ii a|||| |||| 001 0 eng d</controlfield>
  <datafield tag="040" ind1=" " ind2=" ">
    <subfield code="a">BD-DhSAU</subfield>
  </datafield>
  <datafield tag="082" ind1=" " ind2=" ">
    <subfield code="2">22</subfield>
    <subfield code="a">541.3</subfield>
    <subfield code="b">RAP</subfield>
  </datafield>
  <datafield tag="100" ind1=" " ind2=" ">
    <subfield code="a">Rakshit, P. C.</subfield>
  </datafield>
  <datafield tag="245" ind1=" " ind2=" ">
    <subfield code="a">Physical chemistry /</subfield>
    <subfield code="c">P. C. Rakshit</subfield>
  </datafield>
  <datafield tag="250" ind1=" " ind2=" ">
    <subfield code="a">Revised 5th ed.</subfield>
  </datafield>
  <datafield tag="260" ind1=" " ind2=" ">
    <subfield code="a">Calcutta :</subfield>
    <subfield code="b">Sarat Book House ,</subfield>
    <subfield code="c">c1988.</subfield>
  </datafield>
  <datafield tag="300" ind1=" " ind2=" ">
    <subfield code="a">vii, 763 p. :</subfield>
    <subfield code="b">ill. ;</subfield>
    <subfield code="c">25 cm.</subfield>
  </datafield>
  <datafield tag="504" ind1=" " ind2=" ">
    <subfield code="a">Includes index.</subfield>
  </datafield>
  <datafield tag="590" ind1=" " ind2=" ">
    <subfield code="a">Jerin</subfield>
  </datafield>
  <datafield tag="650" ind1=" " ind2=" ">
    <subfield code="a">Chemistry</subfield>
  </datafield>
  <datafield tag="650" ind1=" " ind2=" ">
    <subfield code="a">Physical chemistry</subfield>
  </datafield>
  <datafield tag="942" ind1=" " ind2=" ">
    <subfield code="2">ddc</subfield>
    <subfield code="c">BOOK</subfield>
  </datafield>
  <datafield tag="999" ind1=" " ind2=" ">
    <subfield code="c">2761</subfield>
    <subfield code="d">2761</subfield>
  </datafield>
  <datafield tag="952" ind1=" " ind2=" ">
    <subfield code="0">0</subfield>
    <subfield code="1">0</subfield>
    <subfield code="2">ddc</subfield>
    <subfield code="4">0</subfield>
    <subfield code="7">0</subfield>
    <subfield code="a">BD-DhSAU</subfield>
    <subfield code="b">BD-DhSAU</subfield>
    <subfield code="c">GEN</subfield>
    <subfield code="d">2001-06-28</subfield>
    <subfield code="l">0</subfield>
    <subfield code="o">541.3 RAP</subfield>
    <subfield code="p">29602</subfield>
    <subfield code="r">2015-02-02 00:00:00</subfield>
    <subfield code="w">2015-02-02</subfield>
    <subfield code="y">BOOK</subfield>
  </datafield>
  <datafield tag="952" ind1=" " ind2=" ">
    <subfield code="0">0</subfield>
    <subfield code="1">0</subfield>
    <subfield code="2">ddc</subfield>
    <subfield code="4">0</subfield>
    <subfield code="7">1</subfield>
    <subfield code="8">REF</subfield>
    <subfield code="a">BD-DhSAU</subfield>
    <subfield code="b">BD-DhSAU</subfield>
    <subfield code="c">REF</subfield>
    <subfield code="d">2001-06-28</subfield>
    <subfield code="l">0</subfield>
    <subfield code="o">541.3 RAP</subfield>
    <subfield code="p">29601</subfield>
    <subfield code="r">2015-05-07 00:00:00</subfield>
    <subfield code="w">2015-05-07</subfield>
    <subfield code="y">BOOK</subfield>
  </datafield>
</record>
